000 00779cam a22002293a 4500
001 31643
003 PGUSA
005 20140828083702.0
008 100314s2010||||xxu|||||s|||||000 | eng d
040 _aPGUSA
_beng
042 _adc
050 4 _aSB
100 1 _aHexamer, F. M.
_q(Fred Maier)
245 1 0 _aAsparagus, its culture for home use and for market :
_bA practical treatise on the planting, cultivation, harvesting, marketing, and preserving of asparagus, with notes on its history
_h[electronic resource] /
_cF. M. Hexamer
260 _bProject Gutenberg,
_c2010
506 _aPublic domain in the USA.
516 _aElectronic text
653 _aAsparagus
830 0 _aProject Gutenberg
_v31643
856 4 0 _uhttp://www.gutenberg.org/ebooks/31643
942 _cEB
999 _c260898
_d260898